Aves
Gardado en:
| Autor Principal: | |
|---|---|
| Formato: | Libro |
| Idioma: | Lingua castelá |
| Publicado: |
Londres
Usborne
2001
|
| Edición: | 1a. ed |
| Series: | Descubre y Explora
|
| Subjects: | |
| Tags: |
Engadir etiqueta
Sen Etiquetas, Sexa o primeiro en etiquetar este rexistro!
|
MARC
| LEADER | 00000nam a2200000 a 4500 | ||
|---|---|---|---|
| 001 | UCG1494 | ||
| 003 | CL-VaPUC | ||
| 008 | 100506e20010000UK |||||||||||||||||spa|d | ||
| 020 | |a 074604514X | ||
| 082 | 0 | 4 | |a 590 |b DOH |2 21 |
| 100 | 0 | |a Doherty, Gillian |e author |9 549447 | |
| 245 | 1 | 0 | |a Aves |
| 250 | |a 1a. ed | ||
| 300 | |a 63 p | ||
| 942 | |c BK | ||
| 945 | |d 20100506 00:00:00 |a cmena | ||
| 260 | |a Londres |b Usborne |c 2001 | ||
| 500 | |a Con links de internet: www.usborne-quicklinks.com/es | ||
| 650 | 0 | |a Ornitología |9 269493 | |
| 650 | 0 | |a Zoología |9 261613 | |
| 650 | 7 | |a ESPECIES |2 CL-VaPUC |9 331928 | |
| 650 | 0 | |a Distribución geográfica |9 260005 | |
| 583 | |a last modification |c 20100506 00:00:00 |k Rodrigo Vera | ||
| 490 | 0 | |a Descubre y Explora | |
| 999 | |c 340846 |d 340844 | ||
| 952 | |0 0 |1 0 |4 0 |6 590_000000000000000_DOH_2001 |7 0 |8 C |9 435978 |a BIBCUR |b BIBCUR |d 2019-11-22 |i 4671368 |l 1 |o 590 DOH 2001 |p 4671368 |r 2025-04-22 |s 2024-09-10 |w 2019-11-22 |y BK |k EXP | ||